Normal view
MARC view
- Jahangir Sidrah
Entry Personal Name
001 - CONTROL NUMBER
- control field: 124214
003 - CONTROL NUMBER IDENTIFIER
- control field: NUST
005 - DATE AND TIME OF LATEST TRANSACTION
- control field: 20240709094422.0
008 - FIXED-LENGTH DATA ELEMENTS
- fixed length control field: 240709|| aca||aabn | a|a d
040 ## - CATALOGING SOURCE
- Original cataloging agency: NUST
- Transcribing agency: NUST
100 ## - HEADING--PERSONAL NAME
- Personal name: Jahangir Sidrah
670 ## - SOURCE DATA FOUND
- Source citation: Work cat.: (NUST): Jahangir Sidrah, Diagnostic and Prognostic Biomarkers of Rheumatoid Arthritis (RA) in Pakistani Population/
